Kominterun to Nihon Kyōsantō no seiritsu /

Saved in:
நூற்பட்டியல் விவரங்கள்
தலைமை எழுத்தாளர்: Iwamura, Toshio, 1934-
வடிவம்: புத்தகம்
மொழி:Japanese
வெளியீடப்பட்டது: Tōkyō : Sanʾichi Shobō, 1977.
பதிப்பு:Dai 1-han.
பகுதிகள்:
குறியீடுகள்: குறிச்சொல் இணை
குறியீடுகள் இல்லை, இந்த குறிச்சொல்லை முதலில் பதிவு செய்யுங்கள்!
LEADER 00952cam a2200277 a 4500
001 007743325-4
005 20024617115958.0
008 890404s1977 ja 000 0 jpnrd
035 0 |a ocm19492627 
040 |a OU  |c OU  |d *YNH*  |d CStRLIN 
100 1 |6 880-01  |a Iwamura, Toshio,  |d 1934- 
245 1 0 |6 880-02  |a Kominterun to Nihon Kyōsantō no seiritsu /  |c Iwamura Toshio cho. 
250 |6 880-03  |a Dai 1-han. 
260 |6 880-04  |a Tōkyō :  |b Sanʾichi Shobō,  |c 1977. 
300 |a 347 p. ;  |c 23 cm. 
504 |a Includes bibliographies. 
610 2 0 |6 880-05  |a Nihon Kyōsantō  |x History. 
650 0 |a Communism  |z Japan  |x History. 
650 0 |a Communism. 
880 1 |6 100-01  |a 岩村登志夫,  |d 1934- 
880 1 0 |6 245-02  |a コミンテルンと日本共產党の成立 /  |c 岩村登志夫著. 
880 |6 250-03  |a 第1版. 
880 |6 260-04  |a 東京 :  |b 三一書房,  |c 1977. 
880 2 0 |6 610-05  |a 日本共產党  |x History. 
988 |a 20021214 
906 |0 OCLC